|
|
|
|
| LEADER |
00000nam0a2200000 4500 |
| 001 |
277979 |
| 005 |
20231101235052.0 |
| 010 |
|
|
|a 9785769122682
|
| 035 |
|
|
|a (RuTPU)RU\TPU\book\301256
|
| 090 |
|
|
|a 277979
|
| 100 |
|
|
|a 20141208d2012 k y0rusy50 ca
|
| 101 |
0 |
|
|a rus
|
| 102 |
|
|
|a RU
|
| 105 |
|
|
|a a z 001zy
|
| 200 |
1 |
|
|a Геофизические обсерваторские исследования на Урале
|f О. А. Кусонский
|g Российская академия наук (РАН), Уральское отделение (УрО), Институт геофизики им. Ю. П. Булашевича (ИГФ)
|
| 210 |
|
|
|a Екатеринбург
|c Изд-во РИО УрО РАН
|d 2012
|
| 215 |
|
|
|a 279 с.
|c ил.
|
| 320 |
|
|
|a Библиогр.: с. 268-278.
|
| 330 |
|
|
|a Излагаются сведения об организации в 1836 г. Екатеринбургской магнитно-метеорологической обсерватории и начальном периоде исследований на Урале в области магнитометрии, сейсмологии, изучения ионосферы и космических лучей. Рассмотрены вопросы геолого-геофизического строения Уральской складчатой системы, приведены наиболее значимые результаты наблюдений за весь период существования обсерваторий Екатеринбург, Высокая Дубрава и Арти. Подробно охарактеризованы сейсмологические наблюдения на Урале. Особое внимание уделено методическому обеспечению геофизических обсерваторских исследований, аппаратуре, применявшейся на их разных этапах, а также результатам использования конкретных методик (магнитометрия, ионосферное зондирование). На основе обращения к рукописным материалам, сохранившимся в архиве обсерватории Арти, публикаций прошлых лет, давно ставших библиографической редкостью, и широкой панорамы современных исследований утверждается мысль об уникальности для отечественной и мировой геофизической науки почти двухвекового опыта проведения обсерваторских геофизических работ на Урале. Книга адресована специалистам в области геофизики, студентам, магистрантам и аспирантам геолого-геофизических специальностей вузов, а также широкому кругу читателей, в том числе и школьникам старших классов.
|
| 606 |
1 |
|
|a Геофизические исследования
|2 stltpush
|3 (RuTPU)RU\TPU\subj\6266
|9 34194
|
| 610 |
1 |
|
|a Россия
|
| 610 |
1 |
|
|a Урал
|
| 610 |
1 |
|
|a обсерватории
|
| 610 |
1 |
|
|a геомагнитное поле
|
| 610 |
1 |
|
|a ионосфера
|
| 610 |
1 |
|
|a сейсмологические наблюдения
|
| 610 |
1 |
|
|a Арти
|
| 675 |
|
|
|a 550.3
|v 3
|
| 700 |
|
1 |
|a Кусонский
|b О. А.
|g Олег Александрович
|
| 712 |
0 |
2 |
|a Российская академия наук (РАН)
|b Уральское отделение (УрО)
|b Институт геофизики им. Ю. П. Булашевича (ИГФ)
|c (Екатеринбург)
|2 stltpush
|3 (RuTPU)RU\TPU\col\19367
|
| 801 |
|
1 |
|a RU
|b 63413507
|c 20141208
|
| 801 |
|
2 |
|a RU
|b 63413507
|c 20141215
|g RCR
|
| 942 |
|
|
|c BK
|